Statistics for Countries Bordering France

Click here to take the quiz!

General Stats

  • This quiz has been taken 165,772 times
    (150,929 since last reset)
  • The average score is 9 of 10

Answer Stats

LengthCountry% Correct
623 kmSpain
99%
451 kmGermany
98%
620 kmBelgium
96%
488 kmItaly
94%
573 kmSwitzerland
94%
73 kmLuxembourg
89%
57 kmAndorra
85%
4 kmMonaco
84%
673 kmBrazil
60%
510 kmSuriname
58%

Score Distribution

Percentile by Number Answered

Percent of People with Each Score

Your Score History

You have not taken this quiz since the last reset